| 000 | 00782nam a2200229 u 4500 | ||
|---|---|---|---|
| 005 | 20230419063535.0 | ||
| 008 | 071109s2006 r 000 0 eng d | ||
| 020 | _a9870005748 | ||
| 035 | _aUPN01000153477 | ||
| 049 | _aCG | ||
| 050 | 4 |
_aML3830 _bR6.3 |
|
| 100 | 1 | _aRose, Gilbert J. | |
| 245 | 1 | 0 |
_aEntre el diván y el piano : _bpsicoanálisis, música, arte y neurociencia / _cGilbert J. Rose ; tr.Judith Filc. |
| 260 |
_aBuenos Aires : _bLumen, _c2006. |
||
| 300 | _a283 p. | ||
| 440 | 0 | _aTercer milenio | |
| 534 |
_pTraducción de: _tBetween couch and piano: Psychoanalysis, music, art and neuroscience |
||
| 650 | 2 |
_aMúsica - _xAspectos psicológicos _925976 |
|
| 650 | 4 |
_aPSICOANALISIS Y MUSICA _912607 |
|
| 650 | 4 |
_aPSICOANALISIS Y LITERATURA _97084 |
|
| 905 | _aLibro | ||
| 999 |
_c125598 _d125598 |
||